Gradient smoothing methods with programming : (Record no. 51693)
[ view plain ]
| 000 -LEADER | |
|---|---|
| fixed length control field | 00692nam a2200217Ia 4500 |
| 005 - DATE AND TIME OF LATEST TRANSACTION | |
| control field | 20260429111954.0 |
| 008 - FIXED-LENGTH DATA ELEMENTS--GENERAL INFORMATION | |
| fixed length control field | 260429s9999||||xx |||||||||||||| ||und|| |
| 020 ## - INTERNATIONAL STANDARD BOOK NUMBER | |
| International Standard Book Number | 9789811280009 |
| 041 ## - LANGUAGE CODE | |
| Language | English |
| 082 ## - DEWEY DECIMAL CLASSIFICATION NUMBER | |
| Classification number | 532 |
| Item number | LIU |
| 100 ## - MAIN ENTRY--PERSONAL NAME | |
| Personal name | Liu, G.R. |
| 245 #0 - TITLE STATEMENT | |
| Title | Gradient smoothing methods with programming : |
| Remainder of title | applications to fluids and landslides / |
| Statement of responsibility, etc | G.R. Liu |
| 260 ## - PUBLICATION, DISTRIBUTION, ETC. (IMPRINT) | |
| Place of publication, distribution, etc | Singapore : |
| Name of publisher, distributor, etc | World Scientific Publishing, |
| Date of publication, distribution, etc | 2024. |
| 300 ## - PHYSICAL DESCRIPTION | |
| Extent | vii, 279 p.; hb |
| 440 ## - SERIES STATEMENT/ADDED ENTRY--TITLE | |
| Title | Frontier research in computationa and mechanics of materials and biology; v. 5 |
| 650 ## - SUBJECT ADDED ENTRY--TOPICAL TERM | |
| Topical term or geographic name as entry element | Computer programming |
| 650 ## - SUBJECT ADDED ENTRY--TOPICAL TERM | |
| Topical term or geographic name as entry element | Fluid mechanics |
| 650 ## - SUBJECT ADDED ENTRY--TOPICAL TERM | |
| Topical term or geographic name as entry element | Physics |
| 700 ## - ADDED ENTRY--PERSONAL NAME | |
| Personal name | Mao, Zirui |
| 942 ## - ADDED ENTRY ELEMENTS (KOHA) | |
| Koha item type | Text Books |
| Withdrawn status | Lost status | Damaged status | Not for loan | Collection code | Home library | Location | Shelving location | Date of Cataloging | Source of acquisition | Total Checkouts | Full call number | Barcode | Date last seen | Price effective from | Koha item type |
|---|---|---|---|---|---|---|---|---|---|---|---|---|---|---|---|
| Non-fiction | CUTN Central Library | CUTN Central Library | Sciences | 29/04/2026 | Feel Books, Chennai - Invoice No. BRL/CRB/25-26/568 on 13-02-2026 | 532 LIU | 56721 | 29/04/2026 | 29/04/2026 | Text Books |
